| 000 | 00828nam a22001697a 4500 | ||
|---|---|---|---|
| 008 | 140912b xxu||||| |||| 00| 0 eng d | ||
| 020 | _a9789988152161 | ||
| 050 | _aKRX810.D75 | ||
| 100 | _aDowuona-Hammond, Christine | ||
| 245 |
_aThe Law of contract in Ghana. / _cChristine Dowuona-Hammond |
||
| 260 |
_aAccra: _bFrontiers Printing & Pub. Co., _c2011. |
||
| 300 |
_axxix, 346p. _c24cm. |
||
| 500 | _aIncludes index | ||
| 505 | _aContents: The Nature and essence of contract -- Offer and acceptance -- Intention to create legal relations -- Capacity to contract -- Consideration -- Terms of contract -- Privity of contract -- Mistake -- Misinterpretation -- Illegality and the enforcement of contractual obligations -- Discharge of contract -- Remedies for breach of contract | ||
| 600 | _2Law of contract | ||
| 942 |
_2lcc _cBK |
||
| 999 |
_c4772 _d12272 |
||